Deadliest Atlantic Hurricanes Quiz Stats

 Plays Quiz Updated Nov 21, 2016

Score 0/32 Timer 08:00
0 Plays Today
Year Hurricane % Correct
2005Katrina
95.4%
2005Rita
35.3%
1989Hugo
34.7%
2004Ivan
24.5%
1969Camille
22%
1999Floyd
18.1%
1998Mitch
14%
1979David
13.7%
1965Betsy
10.4%
1954Hazel
9.1%
2005Dennis
8.9%
1995Opal
8.3%
1988Gilbert
7.7%
1972Agnes
7.6%
1960Donna
7.3%
1998Georges
7.2%
Year Hurricane % Correct
2004Jeanne
6.5%
2007Felix
6.3%
1955Diane
6.2%
1980Allen
6%
2005Stan
5.4%
1990Diana
4.8%
1988Joan
4.6%
1957Audrey
4.5%
1955Janet
4.4%
1974Fifi
3.7%
1966Inez
3.7%
2007Noel
3.7%
1963Flora
3.6%
1961Hattie
3.5%
1964Cleo
3%
1975Eloise
2.9%

You're not logged in!

Compare scores with friends on all Sporcle quizzes.
OR
Log In

Sporcle TV

Today on Sporcle TV


Watch our educational content, quiz creation guides, and fun videos on Sporcle TV.

Show Comments

Extras

Top Quizzes Today


Score Distribution

Your Account Isn't Verified!

In order to create a playlist on Sporcle, you need to verify the email address you used during registration. Go to your Sporcle Settings to finish the process.

Report this User

Report this user for behavior that violates our Community Guidelines.

Details: